| 000 | 00533nam 22001813 4500 | ||
|---|---|---|---|
| 001 | 201564 | ||
| 090 | _a201564 | ||
| 100 | _a20240123d u||y0pory50 ba | ||
| 200 |
_aEscassez _fGastão Cruz |
||
| 210 |
_aLisboa _cGuimarães _dimp. 1967 |
||
| 215 |
_a15, [2] p. _cbrochado _d21 cm |
||
| 300 | _aContém dedicatória na folha de capa | ||
| 606 |
_923 _aLiteratura Portuguesa _xPoesia |
||
| 675 |
_a821.134.3-1 _vPT _zpor |
||
| 700 |
_93552 _aCruz _bGastão _f1941-2022 |
||
| 801 |
_aPT _bBMMN _gRPC |
||
| 830 |
_cAna Falardo _fAna Falardo |
||
| 990 | _cLIVROS | ||